Spotrebiteľské správanie v kontexte zodpovednej a udržateľnej spotreby

Na minha lista:
Detalhes bibliográficos
Autor principal: Kissová, Jana, 1979-
Formato: Capítulo de Livro
Idioma:eslovaco
Tags: Adicionar Tag
Sem tags, seja o primeiro a adicionar uma tag!

MARC

LEADER 00000naa$a2200000$$$4500
001 0281237
005 20240523122202.1
041 0 |a slo 
044 |a SK 
245 1 0 |a Spotrebiteľské správanie v kontexte zodpovednej a udržateľnej spotreby  |c Jana Kissová 
100 1 |a Kissová, Jana, 1979-